000 00260nam a2200109Ia 4500
008 230125s9999 xx 000 0 und d
082 _bGADD
100 _aGadda, G. R. Hasrat
245 0 _aG. R. Santosh (In Kashmiri Language)
260 _b2008
_c2008
942 _cBK
999 _c332
_d332